| 000 | 00000nam##2200000za#4500 |
| 001 | 9.643391 |
| 003 | CaOODSP |
| 005 | 20250506145323 |
| 007 | cr ||||||||||| |
| 008 | 150407|1982||||xxc|||||o f|0| 0 fre|d |
| 040 | |aCaOODSP|bfre |
| 043 | |an-cn--- |
| 086 | 1 |aA15-1743/1982F-PDF |
| 110 | 1 |aCanada.|bAgriculture Canada. |
| 245 | 10|aAmélioration du service agrométéorologique canadien |h[ressource électronique] |
| 260 | |aOttawa - Ontario : |bAgriculture Canada |cc1982. |
| 300 | |a10p.|bcartes |
| 500 | |aPublication historique numérisée par Agriculture et Agroalimentaire Canada. |
| 590 | |a14-11-Supp|b2014-05-21 |
| 691 | 07|aExploitation agricole|2gcpds |
| 691 | 07|aPrévisions météorologiques|2gcpds |
| 775 | 08|tImproving Canada's farm weather service |w(CaOODSP)9.699403 |
| 856 | 40|ahttp://publications.gc.ca|qPDF|s605 Ko|uhttps://publications.gc.ca/collections/collection_2014/aac-aafc/agrhist/A15-1743-1982-fra.pdf |
| 986 | |a1743/F |